Геометрия, (Запись № 5147911)

Подробности
000 -МАРКЕР
контрольное поле 03770nam0a22004931 4500
001 - ИДЕНТИФИКАТОР ЗАПИСИ
контрольное поле v19\rc\2113349
005 - ИДЕНТИФИКАТОР ВЕРСИИ
контрольное поле 20260407102348.0
035 ## - ДРУГИЕ СИСТЕМНЫЕ НОМЕРА
Идентификатор записи (NLR Aleph) 005183465
100 ## - ДАННЫЕ ОБЩЕЙ ОБРАБОТКИ
Данные общей обработки 20090914d1812 |||y0rusy50 ca
101 1# - ЯЗЫК РЕСУРСА
Язык текста, звукозаписи и т.д. русский
Язык оригинала французский
102 ## - СТРАНА ПУБЛИКАЦИИ ИЛИ ПРОИЗВОДСТВА
Страна публикации Российская Федерация
135 ## - ПОЛЕ КОДИРОВАННЫХ ДАННЫХ: ЭЛЕКТРОННЫЕ РЕСУРСЫ
Кодированные данные для электронного ресурса crcn 024anaba
140 ## - ПОЛЕ КОДИРОВАННЫХ ДАННЫХ: СТАРОПЕЧАТНЫЕ ИЗДАНИЯ - ОБЩАЯ ИНФОРМАЦИЯ
Кодированные данные о старопечатном издании - Основные y l zkc yaa0000
200 1# - ЗАГЛАВИЕ И СВЕДЕНИЯ ОБ ОТВЕТСТВЕННОСТИ
Основное заглавие Геометрия,
Сведения, относящиеся к заглавию в пользу и употребление обучающихся господ кадет при Iм Кадетском корпусе.
Первые сведения об ответственности Сочиненная действительным статским советником академиком и кавалером. Николаем Ивановичем Фуссом.
Последующие сведения об ответственности Переведена с французскаго языка
205 ## - СВЕДЕНИЯ ОБ ИЗДАНИИ
Сведения об издании Вторым тиснением
210 ## - ПУБЛИКАЦИЯ, РАСПРОСТРАНЕНИЕ И ДР.
Место издания, распространения и т.д. Санктпетербург
Имя издателя, распространителя и т. д. при Iм Кадетском корпусе
Дата издания, распространения и т.д. 1812
215 ## - ФИЗИЧЕСКАЯ ХАРАКТЕРИСТИКА
Специфическое обозначение материала и объем [6], 293, [1] с., IX л. черт.
Размеры
300 ## - ОБЩИЕ ПРИМЕЧАНИЯ
Текст примечания Черт.: очерк
316 ## - ПРИМЕЧАНИЯ ОБ ОСОБЕННОСТЯХ ЭКЗЕМПЛЯРА
Текст примечания Экз. РНБ (18.107.4.18) в составном картон. пер., покрытом мрамор. бумагой с коричневыми кожаными корешком и уголками. На нижней крышке пер. экслибрис РКФ РНБ шифром. Корешок с блинтовым тиснением, сверху надорван. На корешке красная кожаная наклейка с тисн. загл.: "Геометрия", бумаж. наклейка с указанием порядкового номера кн. на полке: "18" и бумаж. наклейка с буквами: "Фус". На форзаце ярлык с шифром РНБ. На тит. л., с.33, 178, 293 и оборотах л. черт. круглый штамп ГПБ. На с.[5] штамп ИБ в венке с короной. Размер: 20,7х13,0х3,5 см
Организация и экземпляр, к которому относится поле NLR: 18.107.4.18
321 1# - ПРИМЕЧАНИЯ ОБ ОТДЕЛЬНО ИЗДАННЫХ УКАЗАТЕЛЯХ / РЕФЕРАТАХ / ССЫЛКАХ, ОТРАЖАЮЩИХ КАТАЛОГИЗИРУЕМЫЙ ДОКУМЕНТ
Примечания об указателях, рефератах, ссылках Соп. 2794
325 ## - ПРИМЕЧАНИЕ О КОПИИ
Текст примечания Копия доступна в Электрон. б-ке РНБ
327 1# - ПРИМЕЧАНИЯ О СОДЕРЖАНИИ
Текст примечания Содерж.: Часть первая содержащая планиметрию (С.[3-6], 1-178)
-- Часть вторая содержащая стереометрию (С.179-293)
464 #0 - АНАЛИТИЧЕСКИЙ УРОВЕНЬ
Встроенное поле 2001#$aГеометрия часть первая содержащая планиметрию
Заглавие Геометрия часть первая содержащая планиметрию
464 #0 - АНАЛИТИЧЕСКИЙ УРОВЕНЬ
Встроенное поле 2001#$aГеометрия часть вторая содержащая стереометрию
Заглавие Геометрия часть вторая содержащая стереометрию
620 ## - МЕСТО И ДАТА ПУБЛИКАЦИИ, ИСПОЛНЕНИЯ И Т. Д.
Город Санкт-Петербург
700 #1 - ИМЯ ЛИЦА - ПЕРВИЧНАЯ ОТВЕТСТВЕННОСТЬ
Графика поля Кириллица
Материалы, к которым относится поле rus
Начальный элемент ввода Фусс
Часть имени, кроме начального элемента ввода Н. И.
Даты 1755-1826
Расширение инициалов личного имени Николай Иванович
Системный номер авторитетной/нормативной записи 171980
Идентификатор авторитетной/нормативной записи RU\NLR\AUTH\770172030
712 02 - НАИМЕНОВАНИЕ ОРГАНИЗАЦИИ - ВТОРИЧНАЯ ОТВЕТСТВЕННОСТЬ
Код отношения Печатник (типограф)
Начальный элемент ввода Кадетский корпус
Структурное подразделение Типография
Идентифицирующий признак 1; Петербург
Системный номер авторитетной/нормативной записи 355971
Идентификатор авторитетной/нормативной записи RU\NLR\AUTH\889930203
801 #0 - ИСТОЧНИК ЗАПИСИ
Страна Российская Федерация
Организация NLR
Правила каталогизации psbo
801 #1 - ИСТОЧНИК ЗАПИСИ
Страна Российская Федерация
Организация ProSoft-M
Источник данных rusmarc
852 ## - МЕСТОНАХОЖДЕНИЕ И ШИФР ХРАНЕНИЯ
Идентификатор организации NLR
Шифр хранения (Call Number) 18.107.4.18
852 ## - МЕСТОНАХОЖДЕНИЕ И ШИФР ХРАНЕНИЯ
Идентификатор организации NLR
Наименование фонда или коллекции (Sub-Location Identifier) Рэ
Шифр хранения (Call Number) ШК/Ф-958 о2
942 ## - ДОПОЛНИТЕЛЬНЫЕ ЭЛЕМЕНТЫ ЗАПИСИ (АБИС)
Тип экземпляра АБИС Книга
980 ## - КОЛЛЕКЦИЯ
Название коллекции Национальная библиография
980 3# - КОЛЛЕКЦИЯ
Название коллекции КП2021 Первая четверть 19 в.
980 3# - КОЛЛЕКЦИЯ
Название коллекции КП2021 Книжные памятники 2021 г.
980 3# - КОЛЛЕКЦИЯ
Название коллекции Книжные памятники РНБ
981 22 - КОЛЛЕКЦИЯ ЭЛЕКТРОННОЙ БИБЛИОТЕКИ
Название коллекции Материалы по истории России
Название подколлекции 2.05. Культура. Наука. Просвещение.
981 20 - КОЛЛЕКЦИЯ ЭЛЕКТРОННОЙ БИБЛИОТЕКИ
Название коллекции Книжные памятники РНБ
Название подколлекции Русский книжный фонд
Экземпляры
Тип экземпляра Дата поступления Библиотека постоянного хранения Библиотека текущего хранения Место хранения Шифр хранения Штрих-код Статус экземпляра
Книга 26.10.2013 РНБ (Московский) РНБ (Московский) Неопределен, для заказа не доступен, в ЭК виден Рэ ШК/Ф-958 о2 5183465-20  
Книга 26.10.2013 РНБ (Садовая) РНБ (Садовая) Русский книжный фонд -Главное здание, Ленинский читальный зал 18.107.4.18 5183465-10